Meilleurs joueurs européens de rugby. - Statistiques

Statistiques générales
  • Ce quiz a été pris 835 fois
    152 depuis la dernière actualisation
  • Le résultat moyen est 6 sur 16
Statistiques - réponses
Année Club Nationalité Joueur % Correct
2024 Stade toulousain Antoine Dupont
99%
2021 Stade toulousain Antoine Dupont
99%
2023 Stade rochelais Grégory Alldritt
82%
2025 Union Bordeaux Bègles Damian Penaud
75%
2013 RC Toulon Jonny Wilkinson
59%
2017 Saracens Owen Farrell
53%
2022 Leinster Josh van der Flier
44%
2016 Saracens Maro Itoje
32%
2010 Munster Ronan O'Gara
26%
2014 RC Toulon Steffon Armitage
22%
2018 Racing 92 Leone Nakarawa
16%
2015 ASM Clermont Nick Abendanon
14%
2020 Exeter Chiefs Sam Simmonds
8%
2019 Saracens Alex Goode
7%
2011 Leinster Sean O'Brien
5%
2012 Leinster Rob Kearney
4%
Aucun quiz correspondant
Distribution des résultats
% des personnes avec chaque résultat
Percentile par nombre de réponses
Votre historique - résultats
Vous n’avez pas pris ce quiz depuis la dernière actualisation